Home Print Resources E-Books E-Journals IIMT Lecture Series Library Membership Form Book Recommendation Form Campus Tour Take AdmissionAbout Us Contact Us

LIGHT ON YOGA (Record no. 50268)

000 -LEADER
fixed length control field 00397nam a22001697a 4500
003 - CONTROL NUMBER IDENTIFIER
control field OSt
005 - DATE AND TIME OF LATEST TRANSACTION
control field 20240329095137.0
008 - FIXED-LENGTH DATA ELEMENTS--GENERAL INFORMATION
fixed length control field 201130b xxu||||| |||| 00| 0 eng d
020 ## - INTERNATIONAL STANDARD BOOK NUMBER
International Standard Book Number ‎ 978-8172235017
040 ## - CATALOGING SOURCE
Transcribing agency IIMT UNIVERSITY
100 ## - MAIN ENTRY--PERSONAL NAME
Personal name LYEN B K S
245 ## - TITLE STATEMENT
Title LIGHT ON YOGA
250 ## - EDITION STATEMENT
Edition statement 43 ED
260 ## - PUBLICATION, DISTRIBUTION, ETC.
Place of publication, distribution, etc. ARISTHA PUB
Name of publisher, distributor, etc. NEW DELHI
Date of publication, distribution, etc. 30/11/2020
300 ## - PHYSICAL DESCRIPTION
Extent 544
942 ## - ADDED ENTRY ELEMENTS (KOHA)
Source of classification or shelving scheme
Koha item type Book Bank
Holdings
Withdrawn status Lost status Source of classification or shelving scheme Damaged status Not for loan Home library Current library Date acquired Source of acquisition Cost, normal purchase price Inventory number Full call number Barcode Date last seen Uniform Resource Identifier Cost, replacement price Price effective from Koha item type Total Checkouts Checked out Date last checked out
          IIMT University Central Library Meerut IIMT University Central Library Meerut 11/30/2020 ARISTA PUBLISHER 499.00 HO/IN/20 DATE 30/09/2010 613.7046 01-B-131503 11/30/2020 naturopathy 499.00 11/30/2020 Reference Book      
          IIMT University Central Library Meerut IIMT University Central Library Meerut 11/30/2020 ARISTA PUBLISHER 499.00 HO/IN/20 DATE 30/09/2010 613.7046 01-B-131504 12/01/2020 naturopathy 499.00 11/30/2020 Book Bank 1 01/15/2021 12/01/2020
          IIMT University Central Library Meerut IIMT University Central Library Meerut 11/30/2020 ARISTA PUBLISHER 499.00 HO/IN/20 DATE 30/09/2010 613.7046 01-B-131505 08/27/2025 naturopathy 499.00 11/30/2020 Book Bank 5 03/31/2027 08/27/2025
IIMT, Central Library. All Rights Reserved IIMT,UNIVERSITY © 2023
Implemented and Customised by I CLOUDE EMS
You Are OPAC Visitor No
free web counter

Powered by Koha